Регионална библиотека "Любен Каравелов" - Русе

Денят започва с красота (Запис номер 325578)

MARC детайли
000 -Лидер
Контролно поле с фиксирана дължина 01008nam a2200253 a 4500
003 - Код на организацията, давaща контролен номер
Контролно поле BLK
005 - Дата и час на последна редакция
Контролно поле 20231101152645.0
008 - Елементи от данни с фиксирана дължина
fixed length control field 181019b bu ||||| |||| 00| 0 bu d
020 ## - Международен стандартен номер на книга ISBN
Международен стандартен номер на книга ISBN 978-954-392-423-3
040 ## - Източник на каталожния запис
Идентификатор на билиотеката - собственик на записа BLK
041 ## - Код за език
Код за езика на текст/звукозапис или на отделно заглавие Български
Код за езика КДБФ Български
080 ## - УДК
Текстов определител УДК Българска литература
УДК код - определител по УДК 821.163.2
УДК определител -32
УДК - код + определител 821.163.2-32
100 ## - Редна дума - Автор
R(LIN) 461429
Автор Атанасова, Антония Симеонова
Авторска отговорност първи автор
Дати, свързани с автора 1943 -
139 ## - Редно поле
Редна дума Атанасова, Антония Симеонова
Авторски знак Ат - А 93
245 ## - Сведения за заглавието
Заглавие Денят започва с красота
Подзаглавни данни разкази
Редно поле (дума) Антония Атанасова
257 ## - Страна на издаване
Страна на създаване/издаване България
260 ## - Област на издателските данни
9 (RLIN) 209963
Място на издаване, разпространение и проч. София
Име на издателя, разпространителя и проч. Пропелер
Година на издаване 2016
Печатница София : Диджитал принт експрес
300 ## - Физическа характеристика
Страници 138 с.
Размери/Мащаб 20 см
380 ## - Жанр
Жанр Худож. лит.
500 ## - Общи забележки
Забележка Год. на изд. погрешно отпеч. на загл. с. 20416. - Отзиви: с. 131-135
852 ## - Местоположение
Форматна сигнатура Цб 290980
Фондова буква Хранилище
942 ## - АРТИКУЛИ
Вид на библиотечния материал Книги
Скрит в OPAC Не
Koha issues (borrowed), all copies 4
999 ## - СИСТЕМНИ КОНТРОЛНИ НОМЕРА
Koha biblionumber 325578
Koha biblioitemnumber 325578
999 ## - СИСТЕМНИ КОНТРОЛНИ НОМЕРА
Koha biblioitemnumber 325578
944 ## - СЪЗДАВАНЕ И РЕДАКЦИЯ на ЗАПИСА
Служител, извършил регистрацията/редакцията 30529
Статус, дата на статуса Диана Гривева
Наличности
Код за отписване Код за изгубен артикул Източник на класификационната схема Код за повреда Коз за рестрикции Код за отдаване Артикулен № Име на библиотеката - собственик Име на библиотеката, в която се намира в момента Статус (Текущо местоположение) Дата на вписване в системата Местоположение - отдел Цена в лева Инвентарен номер Систематично азбучна сигнатура Баркод Цена в евро Служебен тип на артикула
  Не е изгубен Universal Decimal Classification Не е повреден без рестрикции ползва се в читалня 681900 Регионална библиотека "Любен Каравелов" Русе Регионална библиотека "Любен Каравелов" Русе Хранилище 2018-11-02 Хранилище 10.00 120000824403 Цб 290980 120000824403 5.11 Книги
  Не е изгубен Universal Decimal Classification Не е повреден без рестрикции заемане за дома 730296 Регионална библиотека "Любен Каравелов" Русе Регионална библиотека "Любен Каравелов" Русе Заемна - подръчен фонд 2019-07-15 Заемна - подръчен фонд 8.00   П 886.7-32/А 93 120000833905 4.09 Книги
Vip Innovations Ltd, Rousse, Bulgaria 2025